<?xml version="1.0" encoding="UTF-8"?>
<record
    xmlns:xsi="http://www.w3.org/2001/XMLSchema-instance"
    xsi:schemaLocation="http://www.loc.gov/MARC21/slim http://www.loc.gov/standards/marcxml/schema/MARC21slim.xsd"
    xmlns="http://www.loc.gov/MARC21/slim">

  <leader>01064nam a22002777a 4500</leader>
  <controlfield tag="003">dpl</controlfield>
  <controlfield tag="005">20180713151619.0</controlfield>
  <controlfield tag="008">180713b        xxu||||| |||| 00| 0 eng d</controlfield>
  <datafield tag="010" ind1=" " ind2=" ">
    <subfield code="a">A-810624</subfield>
  </datafield>
  <datafield tag="020" ind1=" " ind2=" ">
    <subfield code="c">120.00</subfield>
  </datafield>
  <datafield tag="035" ind1=" " ind2=" ">
    <subfield code="a">A-810624, A-810652</subfield>
  </datafield>
  <datafield tag="037" ind1=" " ind2=" ">
    <subfield code="b">Cen Lib/Ret</subfield>
  </datafield>
  <datafield tag="040" ind1=" " ind2=" ">
    <subfield code="a">DPL</subfield>
    <subfield code="b">HN</subfield>
    <subfield code="c">0</subfield>
  </datafield>
  <datafield tag="082" ind1=" " ind2=" ">
    <subfield code="a">&#x909;</subfield>
    <subfield code="b">&#x92C;&#x902;&#x927;&#x94B;&#x92A;&#x93E;</subfield>
  </datafield>
  <datafield tag="100" ind1=" " ind2=" ">
    <subfield code="a">&#x92C;&#x902;&#x927;&#x94B;&#x92A;&#x93E;&#x927;&#x94D;&#x92F;&#x93E;&#x92F;, &#x924;&#x93E;&#x930;&#x93E;&#x936;&#x902;&#x915;&#x930; </subfield>
    <subfield code="9">64125</subfield>
  </datafield>
  <datafield tag="245" ind1=" " ind2=" ">
    <subfield code="a">&#x92E;&#x928; &#x915;&#x93E; &#x92E;&#x940;&#x924; /</subfield>
    <subfield code="c">&#x924;&#x93E;&#x930;&#x93E;&#x936;&#x902;&#x915;&#x930; &#x92C;&#x902;&#x927;&#x94B;&#x92A;&#x93E;&#x927;&#x94D;&#x92F;&#x93E;&#x92F;</subfield>
  </datafield>
  <datafield tag="246" ind1=" " ind2=" ">
    <subfield code="a">Man ka meet / </subfield>
    <subfield code="b">by Tarashankar Bandhopadhaya</subfield>
  </datafield>
  <datafield tag="260" ind1=" " ind2=" ">
    <subfield code="a">&#x926;&#x93F;&#x932;&#x94D;&#x932;&#x940; </subfield>
    <subfield code="b">&#x92A;&#x940;.&#x90F;&#x928;. &#x92A;&#x94D;&#x930;&#x915;&#x93E;&#x936;&#x928; </subfield>
    <subfield code="c">1997</subfield>
  </datafield>
  <datafield tag="270" ind1=" " ind2=" ">
    <subfield code="a">518/6, &#x935;&#x93F;&#x936;&#x94D;&#x935;&#x93E;&#x938; &#x928;&#x917;&#x930;, &#x936;&#x93E;&#x939;&#x926;&#x930;&#x93E; </subfield>
    <subfield code="b">&#x926;&#x93F;&#x932;&#x94D;&#x932;&#x940; </subfield>
    <subfield code="e">110032</subfield>
  </datafield>
  <datafield tag="300" ind1=" " ind2=" ">
    <subfield code="a">165&#x92A;&#x943;.</subfield>
    <subfield code="c">21&#x938;&#x947;&#x92E;&#x940; (&#x938;&#x91C;&#x93F;&#x932;&#x94D;&#x926;)</subfield>
  </datafield>
  <datafield tag="650" ind1=" " ind2=" ">
    <subfield code="a">&#x939;&#x93F;&#x928;&#x94D;&#x926;&#x940; &#x938;&#x93E;&#x939;&#x93F;&#x924;&#x94D;&#x92F; </subfield>
    <subfield code="9">64126</subfield>
  </datafield>
  <datafield tag="650" ind1=" " ind2=" ">
    <subfield code="a">&#x909;&#x92A;&#x928;&#x94D;&#x92F;&#x93E;&#x938;</subfield>
    <subfield code="9">64127</subfield>
  </datafield>
  <datafield tag="650" ind1=" " ind2=" ">
    <subfield code="a">Hindi literature</subfield>
    <subfield code="9">64128</subfield>
  </datafield>
  <datafield tag="650" ind1=" " ind2=" ">
    <subfield code="a">Fiction</subfield>
    <subfield code="9">8901</subfield>
  </datafield>
  <datafield tag="942" ind1=" " ind2=" ">
    <subfield code="2">ddc</subfield>
    <subfield code="c">HN</subfield>
    <subfield code="h">&#x909;</subfield>
    <subfield code="m">&#x92C;&#x902;&#x927;&#x94B;&#x92A;&#x93E;</subfield>
  </datafield>
  <datafield tag="999" ind1=" " ind2=" ">
    <subfield code="c">115961</subfield>
    <subfield code="d">115961</subfield>
  </datafield>
  <datafield tag="952" ind1=" " ind2=" ">
    <subfield code="0">0</subfield>
    <subfield code="1">0</subfield>
    <subfield code="4">0</subfield>
    <subfield code="7">0</subfield>
    <subfield code="a">L</subfield>
    <subfield code="b">L</subfield>
    <subfield code="d">2015-08-22</subfield>
    <subfield code="e">Cen Lib/Ret</subfield>
    <subfield code="g">120.00</subfield>
    <subfield code="l">0</subfield>
    <subfield code="o">&#x909; &#x92C;&#x902;&#x927;&#x94B;&#x92A;&#x93E;</subfield>
    <subfield code="p">A-810624</subfield>
    <subfield code="r">2015-08-22 00:00:00</subfield>
    <subfield code="t">1</subfield>
    <subfield code="v">120.00</subfield>
    <subfield code="w">2015-08-22</subfield>
    <subfield code="y">HN</subfield>
  </datafield>
  <datafield tag="952" ind1=" " ind2=" ">
    <subfield code="0">0</subfield>
    <subfield code="1">0</subfield>
    <subfield code="2">ddc</subfield>
    <subfield code="4">0</subfield>
    <subfield code="7">0</subfield>
    <subfield code="a">BL4</subfield>
    <subfield code="b">BL4</subfield>
    <subfield code="d">2019-05-29</subfield>
    <subfield code="g">120.00</subfield>
    <subfield code="l">1</subfield>
    <subfield code="o">&#x909; &#x92C;&#x902;&#x927;&#x94B;&#x92A;&#x93E;</subfield>
    <subfield code="p">A-810652</subfield>
    <subfield code="r">2019-06-10 00:00:00</subfield>
    <subfield code="s">2019-05-29</subfield>
    <subfield code="v">120.00</subfield>
    <subfield code="w">2019-05-29</subfield>
    <subfield code="y">HN</subfield>
  </datafield>
</record>
